| 000 | 00325nam a2200121Ia 4500 | ||
|---|---|---|---|
| 008 | 210430s9999 xx 000 0 und d | ||
| 082 | _a070 G184 I | ||
| 100 | _aMICHAEL W. GAMBLE | ||
| 245 |
_aIntroducing mass communication _cMICHAEL W. GAMBLE |
||
| 260 |
_aNew york _bMc Gamble. _c1986 |
||
| 300 | _a549p | ||
| 942 |
_cBK _2ddc |
||
| 999 |
_c562848 _d562848 |
||